000 00862nas a2200289 4500
001 BR2016000144
003 BR-BrBNA
005 20231205130040.0
007 ta
008 230509b bl.|||p| |||| 00| 00por d
040 _aBR-BrBNA
_bpor
_cBiblioteca Nacional de Agricultura
041 _a(Pt)
072 _aQ03
100 1 _aNunes, S.M.
100 1 _aCol, R.D.
100 1 _aDaros, V. dos S.M.G.
100 1 _aFuzihara, T.O.
100 1 _aPereira, U.
245 1 _aAvaliação das condições higienicossanitárias e da rotulagem de condimentos embalados
650 _aCONDIMENTO
650 _aCONTAMINACAO FUNGICA
650 _aFUNGO
650 _aHIGIENE
773 0 _tHigiene Alimentar (Brazil)
_xISSN 0101-9171
_g(Sep-Oct 2015), v. 29(248-249) p. 211-217
_wBR2016000144
909 _a202311
_bLúcia
_c55
_dLúcia Elande
942 _2AGRIS
_n0
_cANA
999 _c247634
_d247634